000 00610cam a22002293a 4500
001 11152
003 PGUSA
005 20140828083233.0
008 040201s2004||||xxu|||||s|||||000 | eng d
040 _aPGUSA
_beng
042 _adc
050 4 _aPH
100 1 _aKivi, Aleksis,
_d1834-1872
245 1 0 _aNummisuutarit
_h[electronic resource] /
_cAleksis Kivi
260 _bProject Gutenberg,
_c2004
506 _aPublic domain in the USA.
516 _aElectronic text
653 _aFinnish drama
830 0 _aProject Gutenberg
_v11152
856 4 0 _uhttp://www.gutenberg.org/ebooks/11152
942 _cEB
999 _c240407
_d240407